000 00302nam a22001337a 4500
008 180911b xxu||||| |||| 00| 0 eng d
020 _a9781259373411
041 _aeng
080 _a004
100 _a30
101 _aSHK
245 _aBusn 1420 Database Applications
_cNordel.R
942 _2udc
_cBK
999 _c47657
_d47657